Startup's Potential of Innovation diplomová práca

Salvato in:
Dettagli Bibliografici
Autore principale: Gajdošová, Dominika
Ente Autore: Fakulta podnikového manažmentu EU. Katedra manažmentu
Altri autori: Zagoršek, Branislav, 1984-
Natura: Libro
Lingua:inglese
Pubblicazione: Bratislava 2019
Tags: Aggiungi Tag
Nessun Tag, puoi essere il primo ad aggiungerne!!

MARC

LEADER 00000nbm a2200000 4500
001 0255257
005 20191119131142.7
041 0 |a eng 
044 |a SK 
245 1 0 |a Startup's Potential of Innovation  |b diplomová práca  |c Dominika Gajdošová ; školiteľ: Branislav Zagoršek 
264 1 |a Bratislava  |c 2019 
300 |a 72 s. 
100 1 |a Gajdošová, Dominika 
700 1 |a Zagoršek, Branislav, 1984- 
710 2 |a Fakulta podnikového manažmentu EU. Katedra manažmentu